Seeing the light (Record no. 70451)

MARC details
000 -LEADER
fixed length control field 01315cam a2200241 4500
001 - CONTROL NUMBER
control field ABS65553
008 - FIXED-LENGTH DATA ELEMENTS--GENERAL INFORMATION
fixed length control field 020611n2002 000 0 eng u
035 ## - SYSTEM CONTROL NUMBER
System control number (Sirsi) u118358
100 ## - MAIN ENTRY--PERSONAL NAME
Personal name Taylor, C
245 ## - TITLE STATEMENT
Title Seeing the light
260 ## - PUBLICATION, DISTRIBUTION, ETC.
Date of publication, distribution, etc. 2002
490 ## - SERIES STATEMENT
Series statement Property Week
Volume/sequential designation (67(19) 17 May 2002, 52(1)
520 ## - SUMMARY, ETC.
Summary, etc. Discusses the issue of rights of light when considering a building development. Although not always high up on a developer's agenda, rights of light can delay building work or even halt them completely. The Prescription Act 1832 allows an owner to claim the right if the right has been enjoyed without interruption for a period of 20 years from the date on which the right is claimed or challenged. A right of light notice could be used as an interruption especially where a neighbouring property is about to acquire the right of light. Also advises on other rights of light issues that a developer may come across as part of a rights of light risk managment process to ensure the success of a building project.
590 ## - LOCAL NOTE (RLIN)
Local note ABS
650 ## - SUBJECT ADDED ENTRY--TOPICAL TERM
Topical term or geographic name entry element RIGHTS TO LIGHT
650 ## - SUBJECT ADDED ENTRY--TOPICAL TERM
Topical term or geographic name entry element BUILDING DEVELOPMENT
650 ## - SUBJECT ADDED ENTRY--TOPICAL TERM
Topical term or geographic name entry element PRESCRIPTION ACT 1832
650 ## - SUBJECT ADDED ENTRY--TOPICAL TERM
Topical term or geographic name entry element RIGHTS OF LIGHT ACT 1959
650 ## - SUBJECT ADDED ENTRY--TOPICAL TERM
Topical term or geographic name entry element DEVELOPERS
690 ## - LOCAL SUBJECT ADDED ENTRY--TOPICAL TERM (OCLC, RLIN)
Topical term or geographic name as entry element Planning and development
9 (RLIN) 6259
700 ## - ADDED ENTRY--PERSONAL NAME
Personal name Phillips, A
942 ## - ADDED ENTRY ELEMENTS (KOHA)
Suppress in OPAC 0
Holdings
Withdrawn status Lost status Source of classification or shelving scheme Damaged status Not for loan Home library Current library Shelving location Date acquired Total Checkouts Full call number Barcode Date last seen Copy number Price effective from Koha item type
    Dewey Decimal Classification     London London Journal article 11/06/2002   ABS65553 118358-1001 06/08/2019 1 06/08/2019 Journal article